Conceptual physics
Bewaard in:
| Hoofdauteur: | |
|---|---|
| Formaat: | Boek |
| Taal: | Engels |
| Gepubliceerd in: |
Reading
Addison-Wesley
1998
|
| Editie: | 8a. ed |
| Onderwerpen: | |
| Tags: |
Voeg label toe
Geen labels, Wees de eerste die dit record labelt!
|
MARC
| LEADER | 00000nam a2200000 a 4500 | ||
|---|---|---|---|
| 001 | UCP5401 | ||
| 003 | CL-VaPUC | ||
| 008 | 990910e19980000US |||||||||||||||||eng|d | ||
| 082 | 0 | 4 | |a 530 |b HEW |2 21 |
| 100 | |a Hewitt, Paul G |e author |9 529586 | ||
| 245 | 1 | 0 | |a Conceptual physics |
| 250 | |a 8a. ed | ||
| 300 | |a 739 p | ||
| 942 | |c BK | ||
| 945 | |d 19990910 00:00:00 |a rbrito | ||
| 260 | |a Reading |b Addison-Wesley |c 1998 | ||
| 650 | 0 | |a Física |9 227844 | |
| 650 | 0 | |a Mecánica |9 260096 | |
| 650 | 0 | |a Calor |9 260253 | |
| 650 | 0 | |a Electricidad |9 260222 | |
| 650 | 0 | |a Magnetismo |9 260336 | |
| 650 | 0 | |a Relatividad |9 269977 | |
| 583 | |a last modification |c 20180314 14:49:27 |k Rodrigo Vera | ||
| 999 | |c 283152 |d 283150 | ||
| 952 | |0 0 |1 0 |4 0 |6 530_000000000000000_HEW_1998 |7 0 |8 P |9 325973 |a BIBARQ |b BIBARQ |d 2019-11-20 |i 3555003 |o 530 HEW 1998 |p 3555003 |r 2025-01-20 |w 2019-11-20 |y BK |k ARQ | ||
| 952 | |0 0 |1 0 |4 0 |6 530_000000000000000_HEW_1998 |7 0 |8 P |9 325974 |a BIBARQ |b BIBARQ |d 2019-11-20 |i 3555011 |o 530 HEW 1998 |p 3555011 |r 2025-01-20 |w 2019-11-20 |y BK |k ARQ | ||